Fr. Conceicao Rodrigues College of Engineering

Introduction to college algebra (Record no. 34941)

MARC details
000 -LEADER
fixed length control field 00296nam a2200133Ia 4500
082 ## - DEWEY DECIMAL CLASSIFICATION NUMBER
Classification number 572
100 ## - MAIN ENTRY--PERSONAL NAME
Personal name BADVE/S.M.&Others
245 ## - TITLE STATEMENT
Title Introduction to college algebra
260 ## - PUBLICATION, DISTRIBUTION, ETC.
Name of publisher, distributor, etc. Somaiya Publications
Place of publication, distribution, etc. Bombay
Date of publication, distribution, etc. 1972
300 ## - PHYSICAL DESCRIPTION
Extent 240
546 ## - LANGUAGE NOTE
Language note ENGLISH
654 ## - SUBJECT ADDED ENTRY--FACETED TOPICAL TERMS
Focus term Algebra
942 ## - ADDED ENTRY ELEMENTS (KOHA)
Koha item type BOOK
Holdings
Withdrawn status Lost status Damaged status Not for loan Collection Home library Current library Date acquired Cost, normal purchase price Total Checkouts Full call number Barcode Date last seen Cost, replacement price Price effective from Koha item type
        AFT Fr. Agnel's C.Rodrigues College of Engineering Fr. Agnel's C.Rodrigues College of Engineering 17/03/2023 10.00   572 AFT2003 17/03/2023 10.00 17/03/2023 BOOK